Vereine der 3. Bundesliga - Fußball Sudden Death - Statistiken

Allgemein
  • Dieses Quiz wurde 1.036 mal gespielt
  • Das Durchschnittsergebnis liegt bei 11 aus 20
Answers on the Grid
Answers color-coded by a green-red scale on the quiz's grid according to % correct below.
1. FC Saarbrücken
Alemannia Aachen
Arminia Bielefeld
Borussia Dortmund II
Carl Zeiss Jena
Dynamo Dresden
Energie Cottbus
Erzgebirge Aue
FC Ingolstadt 04
FC Viktoria Köln
FSV Zwichau
Hallescher FC
Hannover 96 II
Hansa Rostock
Jahn Regensburg
KFC Uerdingen 05
Kickers Offenbach
Preußen Münster
Rot-Weiss Essen
SC Verl
SpVgg Unterhaching
SSV Ulm 1846 Fußball
SV Sandhausen
SV Waldhof Mannheim
SV Wehen Wiesbaden
TSV 1860 München
VfB Lübeck
VfB Stuttgart II
VfL Osnabrück
Würzburger Kickers
 
Antwortstatistiken
Antwort % Korrekt
1. FC Saarbrücken
87%
Arminia Bielefeld
75%
Dynamo Dresden
73%
Borussia Dortmund II
71%
Alemannia Aachen
70%
Energie Cottbus
67%
FC Ingolstadt 04
65%
Erzgebirge Aue
59%
FC Viktoria Köln
58%
Hansa Rostock
54%
Hannover 96 II
49%
TSV 1860 München
49%
Rot-Weiss Essen
46%
SV Waldhof Mannheim
45%
VfL Osnabrück
43%
SV Sandhausen
42%
VfB Stuttgart II
42%
SV Wehen Wiesbaden
41%
SC Verl
40%
SpVgg Unterhaching
37%
Keine übereinstimmenden Quizze gefunden
Verteilung der Resultate
Anzahl Personen mit jedem Resultat
Perzentil nach korrekt beantworteten Fragen
Ihre Resultats-Entwicklung
Sie haben dieses Quiz noch nicht gespielt